<?xml version="1.0" encoding="UTF-8"?>
<record
    xmlns:xsi="http://www.w3.org/2001/XMLSchema-instance"
    xsi:schemaLocation="http://www.loc.gov/MARC21/slim http://www.loc.gov/standards/marcxml/schema/MARC21slim.xsd"
    xmlns="http://www.loc.gov/MARC21/slim">

  <leader>01247nam a22002657a 4500</leader>
  <controlfield tag="005">20170124103146.0</controlfield>
  <datafield tag="010" ind1=" " ind2=" ">
    <subfield code="a">B-169394</subfield>
  </datafield>
  <datafield tag="020" ind1=" " ind2=" ">
    <subfield code="c">250.00</subfield>
    <subfield code="a">8187963239</subfield>
  </datafield>
  <datafield tag="035" ind1=" " ind2=" ">
    <subfield code="a">B-169394</subfield>
  </datafield>
  <datafield tag="037" ind1=" " ind2=" ">
    <subfield code="b">Cen Lib/Ret</subfield>
  </datafield>
  <datafield tag="040" ind1=" " ind2=" ">
    <subfield code="a">DPL</subfield>
    <subfield code="b">HN</subfield>
  </datafield>
  <datafield tag="082" ind1=" " ind2=" ">
    <subfield code="a">936.2</subfield>
    <subfield code="b">&#x917;&#x941;&#x92A;&#x94D;&#x924;&#x93E;&#x936;&#x93E; </subfield>
  </datafield>
  <datafield tag="100" ind1=" " ind2=" ">
    <subfield code="a">&#x917;&#x941;&#x92A;&#x94D;&#x924;&#x93E;, &#x936;&#x93E;&#x902;&#x924;&#x93F; &#x938;&#x94D;&#x935;&#x930;&#x941;&#x92A; </subfield>
    <subfield code="9">44834</subfield>
  </datafield>
  <datafield tag="245" ind1=" " ind2=" ">
    <subfield code="a">&#x92D;&#x93E;&#x930;&#x924;&#x940;&#x92F; &#x917;&#x93E;&#x92F; &#x935;&#x93F;&#x91C;&#x94D;&#x91E;&#x93E;&#x928; &#x915;&#x947; &#x938;&#x928;&#x94D;&#x926;&#x930;&#x94D;&#x92D; &#x92E;&#x947;&#x902; /</subfield>
    <subfield code="c">&#x936;&#x93E;&#x902;&#x924;&#x93F; &#x938;&#x94D;&#x935;&#x930;&#x941;&#x92A; &#x917;&#x941;&#x92A;&#x94D;&#x924;&#x93E; </subfield>
  </datafield>
  <datafield tag="246" ind1=" " ind2=" ">
    <subfield code="a">bhartiya gaye vigyaan ke sandarbh mei /</subfield>
    <subfield code="b">by Shanti Swaroop Gupta </subfield>
  </datafield>
  <datafield tag="260" ind1=" " ind2=" ">
    <subfield code="a">&#x926;&#x93F;&#x932;&#x94D;&#x932;&#x940; </subfield>
    <subfield code="b">&#x935;&#x930;&#x941;&#x923; &#x92A;&#x94D;&#x930;&#x915;&#x93E;&#x936;&#x928; </subfield>
    <subfield code="c">2005</subfield>
  </datafield>
  <datafield tag="270" ind1=" " ind2=" ">
    <subfield code="a">28/64 &#x917;&#x932;&#x940; &#x928;.&#x967;&#x96B;, &#x935;&#x93F;&#x936;&#x94D;&#x935;&#x93E;&#x938; &#x928;&#x917;&#x930; </subfield>
    <subfield code="b"> &#x926;&#x93F;&#x932;&#x94D;&#x932;&#x940; </subfield>
    <subfield code="e">110032</subfield>
  </datafield>
  <datafield tag="300" ind1=" " ind2=" ">
    <subfield code="a">200 &#x92A;&#x943;.:</subfield>
    <subfield code="c">20&#x938;&#x947;&#x92E;&#x940;(&#x938;&#x91C;&#x93F;&#x932;&#x94D;&#x926;)</subfield>
    <subfield code="b">&#x938;&#x91A;&#x93F;&#x924;&#x94D;&#x930; </subfield>
  </datafield>
  <datafield tag="500" ind1=" " ind2=" ">
    <subfield code="a">&#x917;&#x94D;&#x930;&#x928;&#x94D;&#x925; &#x938;&#x942;&#x91A;&#x940; &#x936;&#x93E;&#x92E;&#x93F;&#x932; </subfield>
  </datafield>
  <datafield tag="650" ind1=" " ind2=" ">
    <subfield code="a">&#x92D;&#x93E;&#x930;&#x924;&#x940;&#x92F; &#x917;&#x93E;&#x92F;&#x947; &#x92E;&#x939;&#x924;&#x94D;&#x935; </subfield>
    <subfield code="9">46937</subfield>
  </datafield>
  <datafield tag="650" ind1=" " ind2=" ">
    <subfield code="a">&#x92D;&#x93E;&#x930;&#x924; &#x92E;&#x947;&#x902; &#x917;&#x93E;&#x92F; &#x92A;&#x93E;&#x932;&#x928; </subfield>
    <subfield code="9">86222</subfield>
  </datafield>
  <datafield tag="650" ind1=" " ind2=" ">
    <subfield code="a">Indian cow importance</subfield>
    <subfield code="9">86223</subfield>
  </datafield>
  <datafield tag="650" ind1=" " ind2=" ">
    <subfield code="a">Follow the cow in India</subfield>
    <subfield code="9">86224</subfield>
  </datafield>
  <datafield tag="942" ind1=" " ind2=" ">
    <subfield code="2">ddc</subfield>
    <subfield code="c">HN</subfield>
    <subfield code="h">936.2</subfield>
    <subfield code="m">&#x917;&#x941;&#x92A;&#x94D;&#x924;&#x93E;&#x936;&#x93E; </subfield>
  </datafield>
  <datafield tag="999" ind1=" " ind2=" ">
    <subfield code="c">119687</subfield>
    <subfield code="d">119687</subfield>
  </datafield>
  <datafield tag="952" ind1=" " ind2=" ">
    <subfield code="0">0</subfield>
    <subfield code="1">0</subfield>
    <subfield code="4">0</subfield>
    <subfield code="7">0</subfield>
    <subfield code="a">L</subfield>
    <subfield code="b">L</subfield>
    <subfield code="d">2015-09-18</subfield>
    <subfield code="e">Cen Lib/Ref</subfield>
    <subfield code="g">250.00</subfield>
    <subfield code="l">1</subfield>
    <subfield code="o">936.2 &#x917;&#x941;&#x92A;&#x94D;&#x924;&#x93E;&#x936;&#x93E;</subfield>
    <subfield code="p">B-169394</subfield>
    <subfield code="r">2019-04-18 00:00:00</subfield>
    <subfield code="s">2019-04-05</subfield>
    <subfield code="t">1</subfield>
    <subfield code="v">250.00</subfield>
    <subfield code="w">2015-09-18</subfield>
    <subfield code="y">HN</subfield>
  </datafield>
</record>
